Bring Me The Horizon songs by letter - Statistics

General Stats
  • This quiz has been taken 80 times
  • The average score is 15 of 23
Answer Stats
Hint Answer % Correct
D Death Breath Diamonds Aren't Forever Don't Go Deathbeds Doomed Drown Dear Diary, DArkSide DiE4u Dig It
96%
T Traitors never Play Hang-man. Tell Slater Not to Wash His Dick The Comedown The Sadness Will Never End The Fox and the Wolf The House of Wolves Throne True Friends Teardrops Top 10 staTues tHat CriEd bloOd
91%
C Chelsea Smile Crucify Me Can You Feel My Heart Crooked Young Chasing Rainbows Candy Truck / You Expected: LAB Your Result: Green
89%
S Slow Dance Sleep with One Eye Open Suicide Season Sleepwalking Shadow Moses Seen It All Before sugar honey ice & tea Steal Something. [ost] (spi)ritual sTraNgeRs
87%
A A Lot Like Vegas Anthem Alligator Blood And the Snakes Start to Sing Antivist Avalanche A Devastating Liberation a bulleT w/ my namE On AmEN!
83%
M (I Used to Make Out With) Medusa Memorial MANTRA medicine mother tongue Moon Over the Castle
81%
F For Stevie Wonders Eyes Only Fifteen Fathoms, Counting Football Season Is Over Fuck Follow You fresh bruises
79%
B Black & Blue Blacklist Blessed with a Curse Blasphemy
74%
K Kingslayer Kool-Aid
74%
H Home Sweet Hole Hospital for Souls Happy Song heavy metal
72%
L Liquor & Love Lost "like seeing spiders running riot on your lover's grave" Ludens liMOusIne Lost
72%
N No Need for Introductions, I've Read About Girls Like You on the Backs of Toilet Doors nihilist blues n/A
70%
O Off the Heezay Oh No ouch Obey One Day the Only Butterflies Left Will Be in Your Chest as You March Towards Your Death
68%
P Pray for Plagues Parasite Eve [ost] p.u.s.s.-e
66%
R RAWWWRR! Run R.i.p.
57%
Y YOUtopia
55%
I It Was Written in Blood It Never Ends i apologise if you feel something in the dark i don't know what to say Itch for the Cure (When Will We Be Free?)
51%
W who wants flowers when you're dead? nobody What You Need wonderful life why you gotta kick me when i'm down?
47%
E Empire (Let Them Sing)
47%
G Go to Hell, for Heaven's Sake
47%
J Join the Club
40%
V Visions
28%
U Underground Big
15%
No matching quizzes found
Score Distribution
Percent of People with Each Score
Percentile by Number Answered
Your Score History
You have not taken this quiz